[Event "Challenge"]
[Site "http://www.queenalice.com/game.php?id=677255"]
[Date "2009.11.3"]
[Round "-"]
[White "fernando1971"]
[Black "Smartmove"]
[Result "0-1"]
[WhiteElo "2358"]
[BlackElo "2150"]

1. Nf3 Nf6 2. d4 d5 3. e3 Bg4 4. c4 e6 5. Qb3 Qc8 6. Ne5 Bf5 7. Bd2 Bd6 8. cxd5
exd5 9. Bb4 O-O 10. Nd2 Bxb4 11. Qxb4 Nbd7 12. Nxd7 Qxd7 13. Rc1 a5 14. Qc3 c5
15. dxc5 d4 16. Qa3 dxe3 17. fxe3 Rfd8 18. Nc4 Bg4 19. Nd6 Qc6 20. Qc3 b6 21.
Bc4 Qxg2 22. Rf1 Bh5 23. Qb3 Rd7 24. Rc2 Qg4 25. Rd2 bxc5 26. Rf4 Qg1+ 27. Bf1
Ng4 28. e4 Rxd6 29. Rxd6 Qxh2 30. Qf3 Ne5 31. Qf2 Nf3+ 32. Rxf3 Qxd6 33. Rd3 Qe7
34. Bg2 Bg6 35. Rc3 Rc8 36. Qe3 h6 0-1

[Event "AUTO-MASTER-974"]
[Site "http://www.queenalice.com/game.php?id=693135"]
[Date "2009.12.5"]
[Round "1"]
[White "Smartmove"]
[Black "BEBADO"]
[Result "1-0"]
[WhiteElo "2156"]
[BlackElo "2242"]

1. e4 c5 2. Nf3 d6 3. d4 cxd4 4. Nxd4 Nf6 5. Nc3 g6 6. Be3 Bg7 7. f3 O-O 8. Qd2
Nc6 9. O-O-O d5 10. exd5 Nxd5 11. Nxd5 Qxd5 12. Nxc6 Qxc6 13. Qd5 Qa4 14. Bb5
Qb4 15. Qb3 Qa5 16. Bc4 a6 17. h4 b5 18. Bd5 Bf5 19. g4 Be6 20. Bxe6 fxe6 21.
Qxe6+ Kh8 22. h5 gxh5 23. Rxh5 Rxf3 24. Rxh7+ 1-0

[Event "AUTO-MASTER-974"]
[Site "http://www.queenalice.com/game.php?id=693136"]
[Date "2009.12.5"]
[Round "1"]
[White "BEBADO"]
[Black "Smartmove"]
[Result "0-1"]
[WhiteElo "2281"]
[BlackElo "2181"]

1. c4 e5 2. Nc3 Nf6 3. g3 Nc6 4. Bg2 Bc5 5. e3 O-O 6. Nge2 d6 7. O-O Re8 8. d3
a6 9. b3 Ba7 10. Bb2 Bg4 11. h3 Bf5 12. e4 Be6 13. Kh2 Nd4 14. Nd5 Nxe2 15. Qxe2
c6 16. Nxf6+ Qxf6 17. f4 Bd4 18. Bxd4 exd4 19. Qf2 Rab8 20. g4 h6 21. Qg3 Bd7
22. Rf2 b5 23. Raf1 Qg6 24. Re1 c5 25. Rfe2 Qe6 26. e5 dxe5 27. Rxe5 Qb6 28. f5
bxc4 29. dxc4 Rbd8 30. Bd5 Rxe5 31. Rxe5 Bc6 32. Qf3 Bxd5 33. Rxd5 Re8 34. Rd7
Qb8+ 35. Kg1 Re3 36. Qf2 Qe8 0-1

[Event "AUTO-MASTER-974"]
[Site "http://www.queenalice.com/game.php?id=693137"]
[Date "2009.12.5"]
[Round "1"]
[White "Smartmove"]
[Black "CCapivara"]
[Result "1-0"]
[WhiteElo "2144"]
[BlackElo "2104"]

1. e4 c6 2. d4 d6 3. Nc3 Nf6 4. Nf3 Bg4 5. Be2 Nbd7 6. O-O e5 7. Be3 Be7 8. Re1
O-O 9. Qd3 Qc7 10. Rad1 Rfe8 11. h3 Bh5 12. Nh4 Bxe2 13. Rxe2 Bf8 14. Bg5 h6 15.
Bc1 Rad8 16. Nf5 d5 17. Qg3 g6 18. Nxh6+ Bxh6 19. Bxh6 dxe4 20. Nxe4 Nxe4 21.
Rxe4 Nf6 22. Rh4 Qd6 23. Bg5 exd4 24. Qxd6 Rxd6 25. Rhxd4 Rxd4 26. Rxd4 Kg7 27.
Bxf6+ Kxf6 28. Kf1 Re7 29. c4 g5 30. c5 Kf5 31. a3 f6 32. b4 Ke5 33. Rd6 f5 34.
Rg6 Kf4 35. g3+ 1-0

[Event "AUTO-MASTER-974"]
[Site "http://www.queenalice.com/game.php?id=693138"]
[Date "2009.12.5"]
[Round "1"]
[White "CCapivara"]
[Black "Smartmove"]
[Result "0-1"]
[WhiteElo "2117"]
[BlackElo "2171"]

1. e4 e5 2. Nf3 Nc6 3. Bb5 a6 4. Ba4 Nf6 5. O-O Bc5 6. c3 b5 7. Bc2 d6 8. d4 Bb6
9. dxe5 dxe5 10. Qxd8+ Kxd8 11. Bg5 Ke7 12. Nbd2 h6 13. Bxf6+ Kxf6 14. h3 Be6
15. Rfd1 Rad8 16. Nf1 Rxd1 17. Bxd1 Rd8 18. Bb3 Na5 19. Bxe6 Kxe6 20. Ng3 g6 21.
Kf1 Nc4 22. b3 Nd2+ 23. Ke2 Nxf3 24. Kxf3 Rd3+ 25. Ke2 Rxc3 26. Kd2 Ba5 27. Kd1
Rd3+ 28. Ke2 Rd2+ 29. Ke3 f5 30. exf5+ gxf5 31. Nf1 Rb2 32. Kf3 Bb6 33. Ne3 e4+
34. Kg3 f4+ 35. Kxf4 Rxf2+ 36. Kxe4 Re2 37. Rf1 Rxe3+ 38. Kf4 Re2 39. g4 Rxa2
40. Re1+ Kf6 41. h4 Rf2+ 42. Kg3 Rb2 43. Rf1+ Ke6 44. g5 hxg5 45. hxg5 Rxb3+ 46.
Kg4 Bd4 47. Kh5 a5 48. g6 a4 49. Rf7 a3 50. Rf4 a2 51. Rxd4 a1=Q 52. g7 Qg1 0-1

[Event "AUTO-MASTER-974"]
[Site "http://www.queenalice.com/game.php?id=693139"]
[Date "2009.12.5"]
[Round "1"]
[White "Smartmove"]
[Black "TheAlchemist"]
[Result "0-1"]
[WhiteElo "2156"]
[BlackElo "2153"]

1. e4 e6 2. d4 d5 3. Nc3 Bb4 4. Ne2 dxe4 5. a3 Be7 6. Nxe4 Nf6 7. N2g3 O-O 8.
Bd3 Qxd4 9. Nxf6+ Qxf6 10. O-O c5 11. Ne4 Qd4 12. c3 Qd5 13. Qe2 Nc6 14. Rd1 f5
15. Ng3 Qe5 16. Qc2 f4 17. Bxh7+ Kh8 18. Nf1 f3 19. gxf3 Qh5 20. Be4 Ne5 21. f4
Nf3+ 22. Kh1 e5 23. Rd3 Bg4 24. Qb3 Bh4 25. Qxb7 Rab8 26. Qc6 Rbc8 27. Qg6 Qxg6
28. Bxg6 Bxf2 29. Kg2 Nh4+ 30. Kxf2 Nxg6 31. Kg3 Bf5 32. Rd5 exf4+ 33. Kf2 Be4
34. Rh5+ Kg8 35. Nd2 Bd3 36. Nf3 Rfe8 37. Ng1 Re6 38. Bd2 Rce8 39. Re1 Rxe1 40.
Bxe1 c4 41. Rb5 Ne5 42. h3 Be4 43. Bd2 Nd3+ 44. Kf1 f3 45. b3 f2 46. bxc4 fxg1=N
47. Kxg1 Rc8 48. Ra5 Rb8 49. Be3 Rb1+ 50. Kh2 Rb2+ 51. Kg3 Rg2+ 52. Kh4 Ne1 53.
Rxa7 Nf3+ 54. Kh5 Bg6# 0-1

[Event "AUTO-MASTER-974"]
[Site "http://www.queenalice.com/game.php?id=693140"]
[Date "2009.12.5"]
[Round "1"]
[White "TheAlchemist"]
[Black "Smartmove"]
[Result "1-0"]
[WhiteElo "2156"]
[BlackElo "2168"]

1. e4 e5 2. Nf3 Nc6 3. Bc4 Bc5 4. b4 Bxb4 5. c3 Ba5 6. d4 exd4 7. O-O Nf6 8. e5
d5 9. exf6 dxc4 10. fxg7 Rg8 11. Re1+ Be6 12. Bg5 Qd5 13. Nbd2 Bxc3 14. Ne4 Rxg7
15. Nf6+ Kf8 16. Nxd5 Bxd5 17. Bh6 Bxa1 18. Bxg7+ Kxg7 19. Qxa1 Bxf3 20. gxf3 c3
21. Kh1 Rd8 22. Rg1+ Kf8 23. Qc1 Rd6 24. Qg5 c2 25. f4 d3 26. f5 d2 27. f6 Ke8
28. Qe3+ Kd7 29. Qh3+ Re6 30. Qd3+ Rd6 31. Qxc2 b5 32. Rd1 Nb4 33. Qb3 c5 34.
Qxf7+ Kc6 35. Qe8+ Kb6 36. f7 Nxa2 37. f8=Q Nc3 38. Qxd6+ 1-0

[Event "AUTO-OPEN-1482"]
[Site "http://www.queenalice.com/game.php?id=697426"]
[Date "2009.12.13"]
[Round "3"]
[White "Smartmove"]
[Black "cunha"]
[Result "1/2-1/2"]
[WhiteElo "2196"]
[BlackElo "2656"]

1. e4 c5 2. Nf3 d6 3. d4 cxd4 4. Nxd4 Nf6 5. Nc3 a6 6. Be3 e6 7. f3 b5 8. Qd2
Nbd7 9. g4 h6 10. O-O-O Bb7 11. h4 b4 12. Na4 d5 13. Bh3 Qa5 14. b3 dxe4 15. g5
hxg5 16. hxg5 exf3 17. Nxe6 fxe6 18. Bxe6 Rxh1 19. Bxd7+ Kf7 20. Rxh1 Ne4 21.
g6+ Ke7 22. Qd3 Qe5 23. Bd4 Qg5+ 24. Kb2 Rd8 25. Re1 Kxd7 26. Bf6+ Ke6 27. Bxd8
Qe5+ 28. c3 f2 29. Qc4+ Kf5 30. Qf7+ Kg4 31. Rxe4+ Qxe4 32. Qxf2 bxc3+ 33. Nxc3
Qg2 34. Qxg2+ Bxg2 35. Bc7 Bf3 36. Na4 Kf5 37. Kc3 Kxg6 38. Kd4 Kf5 39. Nc5 Be2
40. Ne4 Bd1 41. Nc5 Be2 42. Ne4 Bf3 43. Nc5 Be2 44. Ne4 1/2-1/2

[Event "AUTO-OPEN-1482"]
[Site "http://www.queenalice.com/game.php?id=697427"]
[Date "2009.12.13"]
[Round "3"]
[White "cunha"]
[Black "Smartmove"]
[Result "1/2-1/2"]
[WhiteElo "2662"]
[BlackElo "2207"]

1. e4 e5 2. Nf3 Nc6 3. Bb5 a6 4. Ba4 Nf6 5. O-O Be7 6. Re1 b5 7. Bb3 O-O 8. h3
d6 9. c3 Na5 10. Bc2 c5 11. d4 Qc7 12. d5 Bd7 13. Nbd2 c4 14. Nf1 Nb7 15. Ng3 a5
16. a4 b4 17. Qe2 Rfc8 18. Be3 Rab8 19. Nd2 h6 20. Rec1 b3 21. Bd1 Nh7 22. Ra3
Bh4 23. Nf5 Bxf5 24. exf5 Bg5 25. Bxg5 hxg5 26. Qe3 Nf6 27. Be2 Nxd5 28. Qxg5 f6
29. Qh4 Nb6 30. Bh5 g5 31. fxg6 f5 32. Be2 Kg7 33. Qg5 Rh8 34. h4 Nc5 35. h5
Rbf8 36. Qh4 Qd8 37. Qxd8 Rxd8 38. g3 d5 39. Re1 Rhe8 40. Kg2 Kh6 41. Rh1 Ncxa4
42. Rb1 Nxb2 43. Rxb2 a4 44. Nb1 d4 45. Kf1 Rd7 46. g4 fxg4 47. Bxg4 Ra7 48. Bf3
Rd8 49. Re2 Nd5 50. Bxd5 Rxd5 51. Re1 Rda5 52. Re4 Rd7 53. Rh4 dxc3 54. Nxc3 b2
55. Ke2 Rad5 56. Rxc4 Rd2+ 57. Kf1 Rc2 58. Rb4 Rdd2 59. Ne4 Rd1+ 60. Kg2 b1=Q
61. Rxb1 Rxb1 62. Rxa4 Rb8 63. Nf6 Rb6 64. Ng4+ Kxh5 65. Nxe5 Rf6 66. Kg3 Rfxf2
67. Ra8 Rg2+ 68. Kf4 Rcf2+ 69. Ke4 Kh6 70. Kd5 1/2-1/2

[Event "Challenge"]
[Site "http://www.queenalice.com/game.php?id=701322"]
[Date "2009.12.21"]
[Round "-"]
[White "thedead"]
[Black "Smartmove"]
[Result "0-1"]
[WhiteElo "1722"]
[BlackElo "2155"]

1. d4 d5 2. e3 Nf6 3. h3 Bf5 4. Nf3 Nbd7 5. c4 e6 6. Nc3 Bb4 7. a3 Bxc3+ 8. bxc3
O-O 9. Be2 Ne4 10. Qb3 dxc4 11. Bxc4 Rb8 12. O-O c5 13. Nh4 Qxh4 14. Qb2 Rfc8
15. Bd3 cxd4 0-1

[Event "QA-ANNIV-05"]
[Site "http://www.queenalice.com/game.php?id=723845"]
[Date "2010.2.1"]
[Round "3"]
[White "Smartmove"]
[Black "Zaubernuss"]
[Result "1/2-1/2"]
[WhiteElo "2253"]
[BlackElo "2383"]

1. e4 c5 2. Nf3 e6 3. d4 cxd4 4. Nxd4 Nc6 5. Be3 a6 6. Nc3 Qc7 7. Bd3 Nf6 8. O-O
Nxd4 9. Bxd4 Bc5 10. Bxc5 Qxc5 11. Na4 Qc7 12. c4 d6 13. Rc1 Bd7 14. c5 O-O 15.
cxd6 Qxd6 16. Nc5 Bc6 17. Qe2 Rac8 18. e5 Qd5 19. f4 Qd4+ 20. Kh1 Nd5 21. Nb3
Qe3 22. Na5 Qb6 23. Qe4 g6 24. Nxc6 Rxc6 25. Rxc6 Qxc6 26. Qf3 Rd8 27. Be4 Qb5
28. b3 Qa5 29. g4 Qc7 30. a4 b5 31. axb5 axb5 32. Rd1 Nc3 33. Rxd8+ Qxd8 34.
Qxc3 Qd1+ 35. Kg2 Qe2+ 36. Kg3 Qxe4 37. g5 Kg7 38. Qd2 Qb1 39. b4 Qg1+ 40. Kf3
h5 41. Ke4 h4 42. Kf3 h3 43. Ke4 Qg2+ 44. Ke3 Qa8 45. Qd3 Qa2 46. Qd2 Qb3+ 47.
Kf2 Qa3 48. Ke2 Qa8 49. Ke3 Kf8 50. Qd3 Qg2 51. Qd8+ Kg7 52. Qf6+ Kg8 53. Qd8+
Kg7 54. Qf6+ 1/2-1/2

[Event "Challenge"]
[Site "http://www.queenalice.com/game.php?id=736089"]
[Date "2010.2.22"]
[Round "-"]
[White "joserie"]
[Black "Smartmove"]
[Result "0-1"]
[WhiteElo "2327"]
[BlackElo "2272"]

1. e4 e5 2. Nf3 Nc6 3. Bb5 a6 4. Ba4 Nf6 5. O-O Be7 6. Re1 b5 7. Bb3 O-O 8. c3
d6 9. h3 Na5 10. Bc2 c5 11. d4 cxd4 12. cxd4 Qc7 13. Nbd2 Nc6 14. d5 Nb4 15. Bb1
a5 16. a3 Na6 17. b3 Nc5 18. Bb2 g6 19. Bc2 Nh5 20. Rc1 Qb7 21. Nf1 Nf4 22. Ne3
b4 23. axb4 axb4 24. Nc4 f5 25. exf5 Bxf5 26. Bxf5 Rxf5 27. Ne3 Ncd3 28. Nxf5
gxf5 29. Qc2 Bf8 30. Red1 e4 31. Ra1 Nxb2 32. Qc6 Qxc6 33. dxc6 Rc8 34. Rdc1
Ne2+ 35. Kf1 Nxc1 36. Rxc1 exf3 37. gxf3 Nd3 38. Rc2 Bg7 39. Rc4 d5 40. Rc2 Bc3
0-1

[Event "Challenge"]
[Site "http://www.queenalice.com/game.php?id=736090"]
[Date "2010.2.22"]
[Round "-"]
[White "joserie"]
[Black "Smartmove"]
[Result "0-1"]
[WhiteElo "2359"]
[BlackElo "2257"]

1. e4 e5 2. Nf3 Nc6 3. Bb5 a6 4. Ba4 Nf6 5. O-O Be7 6. Re1 b5 7. Bb3 O-O 8. c3
d6 9. h3 Na5 10. Bc2 c5 11. d4 Qc7 12. Nbd2 cxd4 13. cxd4 Nc6 14. d5 Nb4 15. Bb1
a5 16. a3 Na6 17. b3 Nc5 18. Bb2 g6 19. Bc2 Nh5 20. Rc1 Qb7 21. Nf1 Nf4 22. Ne3
b4 23. axb4 axb4 24. Nc4 f5 25. exf5 Bxf5 26. Bxf5 Rxf5 27. Ne3 Ncd3 28. Nxf5
gxf5 29. Qc2 Bf8 30. Red1 e4 31. Ra1 Nxb2 32. Qc6 Qg7 33. Ne1 Rxa1 34. Rxa1 Nbd3
35. Ra8 Nxe1 36. g3 Nf3+ 37. Kf1 Ng6 38. Qxd6 Qb2 39. Qxb4 Qc1+ 0-1

[Event "Challenge"]
[Site "http://www.queenalice.com/game.php?id=736091"]
[Date "2010.2.22"]
[Round "-"]
[White "Smartmove"]
[Black "joserie"]
[Result "1-0"]
[WhiteElo "2236"]
[BlackElo "2403"]

1. e4 c5 2. Nf3 d6 3. d4 cxd4 4. Nxd4 Nf6 5. Nc3 a6 6. Be3 b5 7. a4 b4 8. Nd5
Nxe4 9. Nb5 e6 10. Nbc7+ Kd7 11. Nxa8 exd5 12. Qxd5 Nf6 13. Qxf7+ Qe7 14. Qc4
Kd8 15. O-O-O Qb7 16. Bb6+ Ke8 17. Nc7+ Kd7 18. Qf7+ Kc6 19. a5 Nbd7 20. Qc4+
Nc5 21. Qb5+ 1-0

[Event "QA-ANNIV-05"]
[Site "http://www.queenalice.com/game.php?id=758996"]
[Date "2010.4.10"]
[Round "4"]
[White "Iancopoulus"]
[Black "Smartmove"]
[Result "1/2-1/2"]
[WhiteElo "2334"]
[BlackElo "2293"]

1. e4 e5 2. a3 Nf6 3. d3 d5 4. f4 Nc6 5. fxe5 Nxe5 6. d4 Neg4 7. exd5 Nxd5 8.
Nf3 Bf5 9. Bc4 Qe7+ 10. Qe2 Nde3 11. Bxe3 Nxe3 12. Bxf7+ Kd8 13. Bb3 Bxc2 14.
Kd2 Bxb3 15. Qxe3 Qxe3+ 16. Kxe3 Bd6 17. Nc3 Re8+ 18. Kd3 c5 19. dxc5 Bxc5 20.
Nd4 Bf7 21. Rhf1 Bg6+ 22. Kc4 Rc8 23. Rad1 Bd6+ 24. Kb3 Ke7 25. Nf5+ Bxf5 26.
Rxf5 Bxh2 27. g3 Rcd8 28. Rh1 Rd2 29. Rh5 Bxg3 30. Rg5 Rh2 31. Rxh2 Bxh2 32.
Rxg7+ Kd6 33. Rxh7 Bg1 34. Rxb7 Kc6 35. Rb4 Bh2 36. Rc4+ Kb7 37. Rh4 Be5 38. Re4
Kb6 39. Nd5+ Kc6 40. Nb4+ Kd6 41. Nd3 Rb8+ 42. Rb4 Rxb4+ 43. Kxb4 Bd4 44. Kc4
Be3 45. b4 Kc6 46. Nc5 Kb6 47. Ne6 Kc6 48. a4 a6 49. Nc5 Kb6 50. Nd7+ Kc6 51.
Ne5+ Kb7 52. Kd5 Bd2 53. Kc4 Be3 54. Nd7 Kc6 55. Nc5 Kb6 56. a5+ Ka7 57. b5
1/2-1/2

[Event "Challenge"]
[Site "http://www.queenalice.com/game.php?id=777802"]
[Date "2010.5.19"]
[Round "-"]
[White "Daciolg"]
[Black "Smartmove"]
[Result "0-1"]
[WhiteElo "1885"]
[BlackElo "2294"]

1. e4 e5 2. Nf3 f5 3. exf5 e4 4. Nd4 Qf6 5. Qh5+ g6 6. fxg6 hxg6 7. Qd5 Ne7 8.
Qxe4 Rh4 9. g4 d5 10. Qd3 Rxg4 11. c3 Nbc6 12. Nxc6 Re4+ 13. Be2 Nxc6 14. Kd1
Bf5 15. Qxd5 Rd8 16. Qb5 a6 17. Qxb7 Rxe2 0-1

[Event "QA-ANNIV-05"]
[Site "http://www.queenalice.com/game.php?id=793768"]
[Date "2010.6.23"]
[Round "5"]
[White "Smartmove"]
[Black "gilcesar"]
[Result "1/2-1/2"]
[WhiteElo "2295"]
[BlackElo "1957"]

1. e4 e5 2. Nf3 Nc6 3. Bc4 Nf6 4. Ng5 d5 5. exd5 Na5 6. Bb5+ Bd7 7. Qe2 Be7 8.
Nc3 O-O 9. O-O c6 10. dxc6 Nxc6 11. Bxc6 Bxc6 12. d3 Qd4 13. Nge4 Nd5 14. Be3
Nxe3 15. fxe3 Qb6 16. Rab1 f5 17. Nd2 Bb4 18. a3 Bxc3 19. bxc3 Qc5 20. Rb3 Rae8
21. Qf2 Qe7 22. Nf3 b6 23. Rb4 Bxf3 24. Qxf3 e4 25. Qh3 Qc5 26. Rd4 Qxc3 27. Rd5
f4 28. Rf5 exd3 29. Rxf8+ Rxf8 30. Qe6+ Kh8 31. Qd6 Rg8 32. Qxd3 Qxd3 33. cxd3
fxe3 34. Rf7 Rc8 35. Kf1 a5 36. Ke2 Kg8 37. Rb7 Rc2+ 38. Kxe3 Rxg2 39. Rxb6 Rxh2
40. Ra6 Rh3+ 41. Ke4 a4 42. Ra7 h5 43. Ra5 g6 44. Ra7 Rg3 45. d4 Rxa3 46. d5 Kf8
47. d6 Ke8 48. Kd5 Rd3+ 49. Ke6 Re3+ 50. Kd5 a3 51. Ra8+ Kd7 1/2-1/2

[Event "QA-ANNIV-05"]
[Site "http://www.queenalice.com/game.php?id=841325"]
[Date "2010.10.3"]
[Round "6"]
[White "gardez2005"]
[Black "Smartmove"]
[Result "0-1"]
[WhiteElo "1943"]
[BlackElo "2285"]

1. d4 d5 2. c4 e6 3. Nc3 Nf6 4. Bg5 Be7 5. e3 O-O 6. Nf3 Nbd7 7. Rc1 c6 8. Bd3
dxc4 9. Bxc4 Nd5 10. Bxe7 Qxe7 11. O-O Nxc3 12. Rxc3 e5 13. Qc2 exd4 14. exd4
Nb6 15. Re3 Qd8 16. Bb3 Nd5 17. Bxd5 Qxd5 18. Re5 Qd6 19. Ng5 Qg6 20. Qxg6 hxg6
21. Re7 f6 22. Ne4 Rd8 23. Nc5 b6 24. Nb3 a5 25. Rd1 Ba6 26. Rde1 a4 27. Nd2
Rxd4 28. Nf3 Rb4 29. Rc7 Rxb2 30. Nh4 Rxa2 31. Rxc6 Rb2 32. Nxg6 a3 33. Rcc1 a2
34. Ra1 Rd8 35. Ne7+ Kf7 36. Nf5 Rdd2 37. Ne3 Rxf2 38. h3 Bb7 39. Rac1 Bxg2 0-1

[Event "QA-ANNIV-05"]
[Site "http://www.queenalice.com/game.php?id=885921"]
[Date "2011.1.13"]
[Round "7"]
[White "Smartmove"]
[Black "Bernhardur"]
[Result "1-0"]
[WhiteElo "2287"]
[BlackElo "2331"]

1. e4 c6 2. d4 d5 3. Nc3 g6 4. Nf3 Bg7 5. h3 Nh6 6. Bf4 f6 7. exd5 cxd5 8. Nb5
Na6 9. c4 Kf7 10. cxd5 Qxd5 11. Be2 Be6 12. O-O Qd7 13. Nc3 Nc7 14. Re1 Rhd8 15.
Rc1 Rdc8 16. Ne4 Nd5 17. Bd2 b6 18. Ba6 Rxc1 19. Qxc1 Nf5 20. Neg5+ fxg5 21.
Nxg5+ Kg8 22. Nxe6 1-0

[Event "Challenge"]
[Site "http://www.queenalice.com/game.php?id=896256"]
[Date "2011.2.5"]
[Round "-"]
[White "thiagobrumchess"]
[Black "Smartmove"]
[Result "0-1"]
[WhiteElo "1797"]
[BlackElo "2300"]

1. e4 e5 2. Nf3 Nc6 3. Bc4 Bc5 4. O-O Nf6 5. Ng5 O-O 6. Nc3 d6 7. Bxf7+ Rxf7 8.
Nxf7 Kxf7 9. d3 Bg4 10. Qe1 Nd4 11. Kh1 Nxc2 12. Qd2 Nxa1 13. f3 Be6 14. Qe2 Nd7
15. Bd2 Nc2 16. a3 Nd4 17. Qe1 Kg8 18. Qd1 c6 19. b4 Bb6 20. Bc1 a5 21. bxa5
Bxa5 22. Bb2 Nc5 23. Ne2 Nxe2 24. Qxe2 Na4 25. Ba1 Bc3 26. Bxc3 Nxc3 27. Qc2
Rxa3 28. Qb2 Rb3 29. Qc2 Qa5 30. h3 Qa3 31. Qf2 Rb2 32. Qg3 Ne2 33. Kh2 Nxg3 34.
Kxg3 Qxd3 35. h4 Qxf1 0-1

[Event "QA-ANNIV-05"]
[Site "http://www.queenalice.com/game.php?id=921207"]
[Date "2011.4.3"]
[Round "8"]
[White "csparrow"]
[Black "Smartmove"]
[Result "1-0"]
[WhiteElo "2608"]
[BlackElo "2301"]

1. Nf3 Nf6 2. c4 c5 3. Nc3 Nc6 4. g3 e6 5. Bg2 Be7 6. d4 d5 7. cxd5 exd5 8. O-O
O-O 9. Bg5 c4 10. Ne5 Be6 11. f4 Nxe5 12. fxe5 Ne4 13. Bxe7 Nxc3 14. bxc3 Qxe7
15. e4 Qd7 16. a4 Rfd8 17. Rb1 dxe4 18. Bxe4 Bd5 19. Bxd5 Qxd5 20. Rb5 Qd7 21.
Qb1 Rab8 22. Qf5 Rbc8 23. Qxd7 Rxd7 24. Rfb1 b6 25. a5 bxa5 26. Rxa5 Kf8 27. Kf2
Ke7 28. d5 Rcd8 29. Rbb5 a6 30. Rc5 f6 31. e6 Rd6 32. Rc7+ Ke8 33. Rxg7 Rxd5 34.
Rxa6 Rf5+ 35. Ke3 Rd3+ 36. Ke4 Re5+ 37. Kf4 Rd8 38. Raa7 Kf8 39. Raf7+ 1-0